000 00837nam a22002175i 4500
001 175184
003 ES-MaACL
005 20250822040305.0
008 101013s1964 sp abf |||| | spa d
080 _a159.964
100 1 _aWyss, Dieter.
_9143573
245 1 4 _aLas escuelas de psicología profunda :
_bdesde sus principios hasta la actualidad : evolución-problemas-crisis /
_cDieter Wyss ; [versión castellana de Mariano Marín Casero].
260 _aMadrid :
_bGredos,
_c[1964]
300 _a546 p. ;
_c24 cm.
490 1 _aBiblioteca de psicología y psicoterapia ;
_v2
650 4 _aPsicoanálisis-
_xHistoria.
_9143574
700 1 _aMarín Casero, Mariano.
_976778
830 1 0 _aBiblioteca de psicología y psicoterapia
_v2
_9189553
852 4 _aES-MaACL
_jE-13357
_xOlim P-527-Ter
999 _c175184
_d175184